Drafting a people's forest bill : (Record no. 131633)

MARC details
000 -LEADER
fixed length control field 00803nam a22002297a 4500
005 - DATE AND TIME OF LATEST TRANSACTION
control field 20170124110132.0
010 ## - LIBRARY OF CONGRESS CONTROL NUMBER
LC control number A-869508
020 ## - INTERNATIONAL STANDARD BOOK NUMBER
Terms of availability 00.00
035 ## - SYSTEM CONTROL NUMBER
System control number A-869508
037 ## - SOURCE OF ACQUISITION
Source of stock number/acquisition Cen Lib/Ret
040 ## - CATALOGING SOURCE
Original cataloging agency DPL
Language of cataloging EN
082 ## - DEWEY DECIMAL CLASSIFICATION NUMBER
Classification number 634.9
Item number DRA
245 ## - TITLE STATEMENT
Title Drafting a people's forest bill :
Statement of responsibility, etc Edited by Walter Fernandes
Remainder of title the forest dweller-social activist alternative /
260 ## - PUBLICATION, DISTRIBUTION, ETC. (IMPRINT)
Place of publication, distribution, etc New Delhi
Name of publisher, distributor, etc Indian Social Institute
Date of publication, distribution, etc 1996
270 ## - ADDRESS
Address 10 Institutional Area
City New Delhi
Postal code 110003
300 ## - PHYSICAL DESCRIPTION
Extent 213p.
Dimensions 22cm(Hb)
500 ## - GENERAL NOTE
General note Includes bibliographical references and index<br/>
650 ## - SUBJECT ADDED ENTRY--TOPICAL TERM
Topical term or geographic name as entry element Forestry law and legislation -- India
9 (RLIN) 32325
650 ## - SUBJECT ADDED ENTRY--TOPICAL TERM
Topical term or geographic name as entry element Forest policy -- India -- Citizen participation
9 (RLIN) 32326
700 ## - ADDED ENTRY--PERSONAL NAME
Personal name Fernandes, Walter
9 (RLIN) 6949
942 ## - ADDED ENTRY ELEMENTS (KOHA)
Source of classification or shelving scheme Dewey Decimal Classification
Koha item type English Books
Classification part 634.9
Call number suffix DRA
Holdings
Withdrawn status Lost status Damaged status Not for loan Home library Current library Date acquired Source of acquisition Cost, normal purchase price Total Checkouts Full call number Barcode Date last seen Copy number Cost, replacement price Price effective from Koha item type
        Central Library Central Library 15/07/2015 Cen Lib/Ret 0.00   634.9 DRA A-869508 15/07/2015 1 0.00 15/07/2015 English Books

© Delhi Public Library
Hit Counter
free hit counter